Didáctica universitaria en entornos virtuales de enseñanza-aprendizaje

Gespeichert in:
Bibliographische Detailangaben
Hauptverfasser: Bautista Pérez, Guillermo (VerfasserIn), Borges Sáiz, Federico (VerfasserIn)
Weitere Verfasser: Forés i Miravalles, Anna (autora)
Format: Buch
Sprache:Spanisch
Veröffentlicht: Madrid Narcea 2006
Ausgabe:1a. ed
Schriftenreihe:Universitaria
Schlagworte:
Tags: Tag hinzufügen
Keine Tags, Fügen Sie den ersten Tag hinzu!

MARC

LEADER 00000nam a2200000 a 4500
001 UCI0416
003 CL-VaPUC
008 070511e20060000SP |||||||||||||||||spa|d
020 |a 842771534X 
082 0 4 |a 378.17  |b BAU  |2 21 
100 0 |a Bautista Pérez, Guillermo  |e author  |9 520535 
700 0 |a Borges Sáiz, Federico  |e author  |9 520536 
700 |a Forés i Miravalles, Anna  |e autora  |9 520537 
245 1 0 |a Didáctica universitaria en entornos virtuales de enseñanza-aprendizaje 
250 |a 1a. ed 
300 |a 245 p 
942 |c BK 
945 |d 20070511 00:00:00  |a cmena 
260 |a Madrid  |b Narcea  |c 2006 
650 0 |a Métodos de enseñanza  |9 270413 
650 0 |a Educación superior   |9 223851 
650 0 |a Universidades  |9 256317 
650 7 |a RECURSOS DE INFORMACION  |2 CL-VaPUC  |9 520538 
650 0 |a Aprendizaje   |9 254827 
650 0 |a Capacitación docente  |9 312871 
650 0 |a Innovaciones pedagógicas  |9 307471 
583 |a last modification  |c 20130305 10:24:51  |k Rodrigo Vera 
490 0 |a Universitaria 
999 |c 325583  |d 325581 
952 |0 0  |1 0  |4 0  |6 378_170000000000000_BAU_2006  |7 0  |8 A  |9 406577  |a BIBEDU  |b BIBEDU  |d 2019-11-22  |i 4338154  |o 378.17 BAU 2006  |p 4338154  |r 2019-11-22  |w 2019-11-22  |y BK  |k EDU 
952 |0 0  |1 0  |4 0  |6 378_170000000000000_BAU_2006  |7 0  |8 A  |9 406578  |a BIBCUR  |b BIBCUR  |d 2019-11-22  |i 4494598  |o 378.17 BAU 2006  |p 4494598  |r 2025-04-22  |w 2019-11-22  |y BK  |k BCB